4 Nations - Team USA - Statistics

General Stats
  • This quiz has been taken 15 times
  • The average score is 16 of 23
Answer Stats
Hint Answer % Correct
Toronto (F) (Cap) Auston Matthews
100%
Ottawa (F) Brady Tkachuk
100%
Florida (F) (Alt. Cap) Matthew Tkachuk
100%
Boston (D) (Alt. Cap) Charlie McAvoy
83%
Detroit (F) Dylan Larkin
83%
New Jersey (F) Jack Hughes
83%
Minnesota (F) Matt Boldy
83%
New York R (D) Adam Fox
75%
Minnesota (D) Brock Faber
75%
Boston (G) Jeremy Swayman
75%
Columbus (D) Zach Werenski
75%
New York I (F) Brock Nelson
67%
Winnipeg (G) Connor Hellebuyck
67%
Carolina (D) Jaccob Slavin
67%
Vegas (F) Jack Eichel
67%
Dallas (G) Jake Oettinger
67%
Winnipeg (F) Kyle Connor
67%
New York R (F) Chris Kreider
58%
Ottawa (D) Jake Sanderson
58%
Tampa Bay (F) Jake Guentzel
42%
New York R (F) JT Miller
42%
Vegas (D) Noah Hanifin
33%
New York R (F) Vincent Trocheck
33%
No matching quizzes found
Score Distribution
Percent of People with Each Score
Percentile by Number Answered
Your Score History
You have not taken this quiz